000
00266nam a22001217a 4500
008
260220b ||||| |||| 00| 0 eng d
041
_a
Shqip
080
_a
2.1
100
_a
20.1
101
_a
roman
245
_a
Vezët e Vdekjes
_c
Binak Kelmendi
942
_2
lcc
_c
BK
999
_c
60834
_d
60834